[Event "British Columbia-ch"]
[Site "New Westminster CAN"]
[Date "2019.10.13"]
[Round "4.1"]
[White "Zhu, Brandon"]
[Black "Nyamdorj, Davaa-Ochir"]
[Result "1-0"]
[WhiteElo "2208"]
[BlackElo "2330"]
[PlyCount "117"]
[EventDate "2019.10.11"]
[EventType "tourn"]
[EventRounds "7"]
[EventCountry "CAN"]

1. d4 d5 2. c4 e6 3. Nc3 Be7 4. Nf3 Nf6 5. g3 O-O 6. Bg2 dxc4 7. Ne5 Qd6 8.
Nxc4 Qa6 9. Qa4 Rd8 10. Be3 c6 11. Qxa6 Nxa6 12. O-O-O Nd5 13. Rd2 Nab4 14. Bf4
g5 15. Be3 f5 16. Bxd5 cxd5 17. Ne5 Bd7 18. h4 g4 19. Bg5 Kf8 20. f3 Rac8 21.
Kb1 Nc6 22. Nxc6 Bxc6 23. fxg4 fxg4 24. e3 Bxg5 25. hxg5 Be8 26. Rf2+ Kg8 27.
Kc2 Rc7 28. Kd2 Rg7 29. Rf6 Bf7 30. Rhf1 Rd7 31. R1f4 Rxg5 32. Nb5 Re7 33. Nxa7
Bg6 34. Nb5 Rh5 35. Rxg4 Rh2+ 36. Kc3 Kg7 37. Rf3 Rc2+ 38. Kb3 Rc4 39. Nd6 Rc6
40. Nb5 h5 41. Rg5 Re8 42. Rf2 Ra8 43. a4 Kh6 44. Re5 Bf5 45. Nc3 Bg4 46. Rf7
Rb6+ 47. Ka3 Rc8 48. Rf6+ Kg7 49. Nxd5 Ra6 50. Rg5+ Kh7 51. Ne7 Bd1 52. b3 Rca8
53. Rf7+ Kh8 54. Ng6+ Kg8 55. Ne5+ Kh8 56. Rfg7 Rf8 57. Nf7+ Rxf7 58. Rxf7 Rb6
59. Rb5 1-0

[Event "British Columbia-ch"]
[Site "New Westminster CAN"]
[Date "2019.10.13"]
[Round "4.2"]
[White "Mohammed Qanee, Arpak Worya"]
[Black "Patterson, Roger"]
[Result "1-0"]
[WhiteElo "2187"]
[BlackElo "2075"]
[PlyCount "113"]
[EventDate "2019.10.11"]
[EventType "tourn"]
[EventRounds "7"]
[EventCountry "CAN"]

1. e4 c5 2. d4 cxd4 3. Nf3 g6 4. Qxd4 Nf6 5. Bc4 Nc6 6. Qe3 Bg7 7. O-O O-O 8.
Nc3 d6 9. h3 Bd7 10. Qf4 Rc8 11. Bb3 Na5 12. Be3 a6 13. Qh4 Nc4 14. Bxc4 Rxc4
15. Nd2 Rc8 16. Bh6 Qa5 17. Bxg7 Kxg7 18. Nb3 Qb4 19. a3 Qc4 20. Rad1 Qc7 21.
Rd2 Bc6 22. Re1 Rfe8 23. Qg5 e5 24. Qe3 Re6 25. g4 Rf8 26. Nc1 Ne8 27. Nd5 Bxd5
28. exd5 Re7 29. f4 f5 30. g5 e4 31. Qd4+ Kg8 32. Re3 Ng7 33. c4 Nh5 34. Ne2
Rc8 35. Rc2 Rd7 36. b4 Qd8 37. h4 Kf7 38. Kf2 a5 39. Rec3 axb4 40. axb4 b6 41.
Ke3 Ra8 42. Qd1 Ra4 43. Nd4 Qa8 44. Nc6 Ra1 45. Rc1 Ra2 46. R3c2 Ra3+ 47. Rc3
Ra2 48. c5 bxc5 49. bxc5 Ra3 50. cxd6 Rxd6 51. Qd4 Rxc3+ 52. Rxc3 Qa2 53. Ne5+
Ke8 54. Rc8+ Rd8 55. Rxd8+ Kxd8 56. Qb6+ Kc8 57. Qc6+ 1-0

[Event "British Columbia-ch"]
[Site "New Westminster CAN"]
[Date "2019.10.13"]
[Round "4.3"]
[White "Doknjas, Neil"]
[Black "Morozov, Grigory"]
[Result "0-1"]
[WhiteElo "2145"]
[BlackElo "2400"]
[PlyCount "108"]
[EventDate "2019.10.11"]
[EventType "tourn"]
[EventRounds "7"]
[EventCountry "CAN"]

1. e4 e6 2. d4 d5 3. Nc3 Bb4 4. exd5 exd5 5. Bd3 c6 6. Nge2 Ne7 7. Ng3 Nd7 8.
O-O O-O 9. Bg5 f6 10. Bf4 f5 11. Nce2 Nf6 12. f3 Ng6 13. Bg5 h6 14. Bd2 Bxd2
15. Qxd2 Ne8 16. Rf2 Qh4 17. Qb4 a5 18. Qc5 Qg5 19. f4 Qd8 20. c4 Ne7 21. cxd5
b6 22. Qc2 cxd5 23. Nc3 Nd6 24. Qb3 Kh7 25. Re1 Ne4 26. Ngxe4 dxe4 27. Nxe4 Ng6
28. Nc3 Qxd4 29. Qd5 Qxd5 30. Nxd5 Rb8 31. Ne7 Re8 32. Rfe2 Nxf4 33. Re3 Nxd3
34. Rxd3 Bb7 35. Rde3 Rf8 36. Re5 f4 37. Nf5 Rbd8 38. R1e2 Ba6 39. Re1 Rd2 40.
b3 Rxa2 41. Nd4 Rf6 42. Re6 Rxe6 43. Nxe6 g5 44. h3 Re2 45. Rxe2 Bxe2 46. Nd4
Bd3 47. Kf2 Kg6 48. Kf3 Kf6 49. h4 Ke5 50. Nc6+ Kd5 51. hxg5 Kxc6 52. gxh6 b5
53. Kxf4 a4 54. Ke3 a3 0-1

[Event "British Columbia-ch"]
[Site "New Westminster CAN"]
[Date "2019.10.13"]
[Round "4.4"]
[White "Sohal, Tanraj"]
[Black "McLaren, Brian"]
[Result "0-1"]
[WhiteElo "2351"]
[BlackElo "2146"]
[PlyCount "122"]
[EventDate "2019.10.11"]
[EventType "tourn"]
[EventRounds "7"]
[EventCountry "CAN"]

1. d4 f5 2. c4 Nf6 3. Nc3 e6 4. Qc2 d5 5. Bf4 c6 6. e3 Be7 7. Nf3 O-O 8. Bd3
Ne4 9. g4 g6 10. gxf5 exf5 11. O-O-O Be6 12. Bh6 Re8 13. Ne5 Nd7 14. f3 Nxc3
15. Qxc3 Bg5 16. Bxg5 Qxg5 17. f4 Qe7 18. Kb1 Rac8 19. h4 dxc4 20. Bxc4 Nf6 21.
Bd3 c5 22. a3 Red8 23. dxc5 Rxc5 24. Qe1 Rdc8 25. Qd2 Qc7 26. h5 Nxh5 27. Rdg1
Kf8 28. Qb4 Nf6 29. Qd4 Ke7 30. Rd1 Rd8 31. Qa4 a6 32. Be2 Bd5 33. Rhg1 b5 34.
Qb4 a5 35. Qe1 b4 36. a4 Bb3 37. Rxd8 Qxd8 38. Bb5 Qd5 39. Qf2 Rc2 40. Qf3 Ne4
41. Rd1 Nd2+ 42. Rxd2 Rxd2 43. Nc6+ Kf6 44. Qxd5 Rxd5 45. Nd4 Bd1 46. Kc1 Bg4
47. Kd2 h5 48. Ke1 h4 49. Kf2 Rc5 50. b3 Rc1 51. Bc4 Rb1 52. Bd5 Rb2+ 53. Kg1
Ke7 54. Bc4 Kf6 55. Bd5 g5 56. fxg5+ Kxg5 57. Ne6+ Kf6 58. Nf4 Bd1 59. Nd3 Rb1
60. Kf2 Bxb3 61. Bc6 Bc2 0-1

[Event "British Columbia-ch"]
[Site "New Westminster CAN"]
[Date "2019.10.13"]
[Round "5.1"]
[White "McLaren, Brian"]
[Black "Zhu, Brandon"]
[Result "0-1"]
[WhiteElo "2146"]
[BlackElo "2208"]
[PlyCount "86"]
[EventDate "2019.10.11"]
[EventType "tourn"]
[EventRounds "7"]
[EventCountry "CAN"]

1. e4 e5 2. Bc4 Nc6 3. Nf3 Nf6 4. Qe2 d6 5. c3 Be7 6. d3 O-O 7. Nbd2 Na5 8. Bb5
a6 9. Ba4 b5 10. Bc2 c5 11. h3 Nc6 12. O-O Re8 13. Re1 Bf8 14. Nf1 h6 15. Ng3
d5 16. Be3 d4 17. cxd4 Nxd4 18. Nxd4 cxd4 19. Bd2 Qb6 20. Bb3 a5 21. a3 a4 22.
Ba2 Be6 23. Bxe6 Qxe6 24. f4 exf4 25. Bxf4 Rac8 26. Rac1 Nd7 27. Nf5 Rxc1 28.
Rxc1 Qxf5 29. exf5 Rxe2 30. Rc7 Nf6 31. Rb7 Nd5 32. Bh2 Be7 33. Rxb5 Ne3 34. g4
Bh4 35. Be5 Rg2+ 36. Kh1 Bf2 37. Bh2 Bg3 38. Bxg3 Rxg3 39. Kh2 Rg2+ 40. Kh1 Rd2
41. Rb4 Rxd3 42. Rxa4 Rd1+ 43. Kh2 d3 0-1

[Event "British Columbia-ch"]
[Site "New Westminster CAN"]
[Date "2019.10.13"]
[Round "5.2"]
[White "Morozov, Grigory"]
[Black "Sohal, Tanraj"]
[Result "1/2-1/2"]
[WhiteElo "2400"]
[BlackElo "2351"]
[PlyCount "83"]
[EventDate "2019.10.11"]
[EventType "tourn"]
[EventRounds "7"]
[EventCountry "CAN"]

1. d4 Nf6 2. c4 g6 3. Nc3 d5 4. Bf4 Bg7 5. e3 O-O 6. cxd5 Nxd5 7. Nxd5 Qxd5 8.
Bxc7 Nc6 9. Ne2 Bg4 10. f3 Bf5 11. Nc3 Qe6 12. Kf2 Qc8 13. Bg3 Rd8 14. Qb3 Nxd4
15. exd4 Bxd4+ 16. Ke1 Qc5 17. Be2 Be6 18. Qc2 b5 19. Qd3 Qb4 20. Rd1 Qxb2 21.
Nxb5 Bf2+ 22. Bxf2 Rxd3 23. Bxd3 Rd8 24. a4 a6 25. Nd4 Rxd4 26. Bxd4 Qxd4 27.
Bxa6 Qxa4 28. Be2 Bb3 29. Rd2 Qb4 30. Bd3 Qa5 31. Ke2 Qg5 32. g3 Bd5 33. Be4
Bc4+ 34. Bd3 Qe5+ 35. Kf2 Bxd3 36. Rxd3 Qb2+ 37. Ke3 Qg2 38. Rdd1 h5 39. Rdg1
Qb2 40. Rd1 Qg2 41. Rdg1 Qb2 42. Rd1 1/2-1/2

[Event "British Columbia-ch"]
[Site "New Westminster CAN"]
[Date "2019.10.13"]
[Round "5.3"]
[White "Patterson, Roger"]
[Black "Doknjas, Neil"]
[Result "1/2-1/2"]
[WhiteElo "2075"]
[BlackElo "2145"]
[PlyCount "83"]
[EventDate "2019.10.11"]
[EventType "tourn"]
[EventRounds "7"]
[EventCountry "CAN"]

1. c4 e6 2. Nc3 d5 3. cxd5 exd5 4. d4 Nf6 5. Bg5 Be7 6. Qc2 O-O 7. e3 c6 8. Bd3
Nbd7 9. Nge2 Re8 10. O-O Nf8 11. Rae1 g6 12. f3 Ne6 13. Bh4 b6 14. Rd1 b5 15.
Kh1 Bd7 16. Bxf6 Bxf6 17. b4 a5 18. a3 Qb6 19. Nc1 Ng7 20. Qf2 axb4 21. axb4
Bf5 22. Nb3 Ra3 23. Qb2 Rxb3 24. Qxb3 Rxe3 25. Qc2 Bxd4 26. Ne2 Be5 27. Nc1 Bd6
28. Qd2 Qd4 29. Bxf5 Qxd2 30. Rxd2 Bxb4 31. Rc2 Nxf5 32. Rxc6 Rc3 33. Rxc3 Bxc3
34. Nd3 d4 35. Rb1 Nd6 36. Kg1 Kg7 37. Kf2 Kf6 38. Ke2 Ke6 39. Nb4 Nc4 40. Nd3
Nd6 41. Nb4 Nc4 42. Nd3 1/2-1/2

[Event "British Columbia-ch"]
[Site "New Westminster CAN"]
[Date "2019.10.13"]
[Round "5.4"]
[White "Nyamdorj, Davaa-Ochir"]
[Black "Mohammed Qanee, Arpak Worya"]
[Result "1-0"]
[WhiteElo "2330"]
[BlackElo "2187"]
[PlyCount "143"]
[EventDate "2019.10.11"]
[EventType "tourn"]
[EventRounds "7"]
[EventCountry "CAN"]

1. d4 d5 2. Nf3 Nf6 3. Bf4 c5 4. e3 Nc6 5. c3 Qb6 6. Qb3 Qxb3 7. axb3 e6 8. Na3
Be7 9. Nb5 O-O 10. Nc7 Rb8 11. Bb5 Nh5 12. Nxd5 exd5 13. Bxb8 Nxb8 14. Rxa7
cxd4 15. exd4 Bd6 16. O-O Nc6 17. Ra8 Nf6 18. Re1 Be6 19. Rxf8+ Kxf8 20. Ra1
Ke7 21. Bxc6 bxc6 22. Ra7+ Bd7 23. b4 Ne4 24. Kf1 f6 25. Ne1 h5 26. f3 Nd2+ 27.
Ke2 Nc4 28. Nd3 Nb6 29. Rb7 Na8 30. Nc5 Nc7 31. g3 g5 32. Ke3 Bxc5 33. bxc5 Kd8
34. Rb8+ Bc8 35. b3 Ne8 36. c4 Kc7 37. Rb6 dxc4 38. bxc4 Bd7 39. f4 gxf4+ 40.
gxf4 f5 41. Ra6 Kd8 42. Ra8+ Ke7 43. Ra5 Nc7 44. Ra7 Kd8 45. Ra1 Be6 46. Kd3
Bf7 47. Kc3 Ne6 48. Kb4 Bg6 49. Rf1 Kc7 50. d5 Nd4 51. Rg1 Be8 52. Rg7+ Kd8 53.
Ka5 Nf3 54. Rg2 Kc7 55. Kb4 Kd8 56. Kc3 h4 57. Rf2 Bh5 58. Kd3 h3 59. Ke3 Ne1
60. Ra2 Ng2+ 61. Kd4 cxd5 62. cxd5 Nxf4 63. Ra8+ Ke7 64. Ra7+ Kf6 65. c6 Ne2+
66. Kc5 f4 67. d6 Bg4 68. d7 Ke7 69. Ra8 Bxd7 70. Ra7 f3 71. Rxd7+ Ke6 72. Rd3
1-0

[Event "British Columbia-ch"]
[Site "New Westminster CAN"]
[Date "2019.10.14"]
[Round "6.1"]
[White "Zhu, Brandon"]
[Black "Mohammed Qanee, Arpak Worya"]
[Result "0-1"]
[WhiteElo "2208"]
[BlackElo "2187"]
[PlyCount "112"]
[EventDate "2019.10.11"]
[EventType "tourn"]
[EventRounds "7"]
[EventCountry "CAN"]

1. d4 Nf6 2. c4 c5 3. d5 b5 4. cxb5 a6 5. bxa6 Bxa6 6. Nc3 g6 7. g3 d6 8. Bg2
Bg7 9. Nf3 O-O 10. O-O Nbd7 11. Bd2 Ra7 12. b3 Nb6 13. Ne1 Nbxd5 14. Nxd5 Nxd5
15. Bxd5 Bxa1 16. Qxa1 Bxe2 17. Bh6 e5 18. Bxf8 Kxf8 19. Nc2 Bxf1 20. Kxf1 Qa5
21. a4 Qd2 22. Ne3 f5 23. Qd1 Qxd1+ 24. Nxd1 Ke7 25. Ke2 g5 26. Ne3 f4 27. Nf5+
Kd7 28. g4 Ra6 29. f3 Rb6 30. Kd3 Rb4 31. Kc3 Rb8 32. Nh6 Rb4 33. Nf7 Rd4 34.
Be4 h6 35. Bd3 Ke6 36. Nd8+ Kd7 37. Nb7 Kc7 38. Na5 d5 39. Be2 Kb6 40. Nc4+
dxc4 41. Bxc4 Rd1 42. Bd3 Rc1+ 43. Bc2 e4 44. Kd2 Rxc2+ 45. Kxc2 exf3 46. Kd2
Ka5 47. Ke1 c4 48. bxc4 Kxa4 49. Kf2 Kb4 50. Kxf3 Kxc4 51. Ke4 Kc5 52. h4 Kd6
53. Kd4 gxh4 54. Ke4 h3 55. Kf3 Ke5 56. Kf2 Ke4 0-1

[Event "British Columbia-ch"]
[Site "New Westminster CAN"]
[Date "2019.10.14"]
[Round "6.2"]
[White "Doknjas, Neil"]
[Black "Nyamdorj, Davaa-Ochir"]
[Result "1-0"]
[WhiteElo "2145"]
[BlackElo "2330"]
[PlyCount "91"]
[EventDate "2019.10.11"]
[EventType "tourn"]
[EventRounds "7"]
[EventCountry "CAN"]

1. e4 e5 2. Nf3 Nc6 3. d4 exd4 4. Nxd4 Bc5 5. Be3 Bb6 6. Nf5 g6 7. Bxb6 axb6 8.
Ne3 d6 9. Nc3 Nge7 10. Bc4 Be6 11. Bxe6 fxe6 12. O-O O-O 13. f4 Ra5 14. Qg4 Nd4
15. Rad1 Nec6 16. b4 Ra3 17. Rd3 b5 18. Kh1 Qe8 19. Qh3 Kg7 20. g4 h6 21. f5
exf5 22. gxf5 Ne5 23. Ng4 Nxg4 24. Qxg4 Nc6 25. Rh3 Ne5 26. Qf4 h5 27. f6+ Kh7
28. Rh4 Rxc3 29. Rg1 Rf3 30. Rxh5+ Kg8 31. Qh4 Qe6 32. Rh8+ Kf7 33. Rh7+ Ke8
34. Re7+ Qxe7 35. fxe7 R8f7 36. Qh8+ Kxe7 37. Qc8 Kf6 38. Qxb7 Rh7 39. Qxb5
Rfh3 40. Rf1+ Nf3 41. e5+ Ke6 42. Qe8+ Kd5 43. Rxf3 Rxh2+ 44. Kg1 dxe5 45. Rd3+
Ke4 46. Qxg6+ 1-0

[Event "British Columbia-ch"]
[Site "New Westminster CAN"]
[Date "2019.10.14"]
[Round "6.3"]
[White "Sohal, Tanraj"]
[Black "Patterson, Roger"]
[Result "1/2-1/2"]
[WhiteElo "2351"]
[BlackElo "2075"]
[PlyCount "128"]
[EventDate "2019.10.11"]
[EventType "tourn"]
[EventRounds "7"]
[EventCountry "CAN"]

1. d4 d5 2. c4 e6 3. Nf3 c5 4. cxd5 exd5 5. g3 Nc6 6. Bg2 Nf6 7. O-O Be7 8. Nc3
O-O 9. Bg5 cxd4 10. Nxd4 h6 11. Be3 Re8 12. Rc1 Bf8 13. Nxc6 bxc6 14. Na4 Bd7
15. Bd4 Ne4 16. a3 h5 17. e3 h4 18. Nc5 Bxc5 19. Bxc5 hxg3 20. hxg3 Qg5 21.
Bxe4 Rxe4 22. Kg2 Rh4 23. Rh1 Rxh1 24. Qxh1 f6 25. Bd4 Kf7 26. Qh4 Qxh4 27.
gxh4 a6 28. Kg3 Rb8 29. Rh1 g6 30. f3 Rh8 31. Rc1 Rb8 32. Rc2 Rb3 33. Rh2 Rb5
34. h5 gxh5 35. Rxh5 Kg6 36. Rh8 c5 37. Bc3 Rb6 38. Rd8 Be6 39. Rf8 Bd7 40. Ra8
Re6 41. Kf4 Rd6 42. Ra7 Bb5 43. b4 cxb4 44. Bxb4 Rc6 45. Bf8 Rc4+ 46. e4 dxe4
47. Rg7+ Kh6 48. Rg1+ Kh7 49. fxe4 Bc6 50. Kf5 Bxe4+ 51. Kxf6 Rc6+ 52. Ke5 Bd3
53. Rg7+ Kh8 54. Rg3 Bb5 55. Be7 Ba4 56. Rg4 Bd1 57. Rd4 Bb3 58. Bd6 Kg7 59.
Rb4 Bc4 60. a4 Kf7 61. Rb8 Ba2 62. Rf8+ Kg7 63. Rf4 Rc4 64. Rxc4 Bxc4 1/2-1/2

[Event "British Columbia-ch"]
[Site "New Westminster CAN"]
[Date "2019.10.14"]
[Round "6.4"]
[White "McLaren, Brian"]
[Black "Morozov, Grigory"]
[Result "0-1"]
[WhiteElo "2146"]
[BlackElo "2400"]
[PlyCount "88"]
[EventDate "2019.10.11"]
[EventType "tourn"]
[EventRounds "7"]
[EventCountry "CAN"]

1. e4 e6 2. d4 d5 3. e5 c5 4. c3 Nc6 5. Be3 Qb6 6. Qd2 Bd7 7. Nf3 Rc8 8. Be2
cxd4 9. cxd4 Na5 10. O-O Bb4 11. Qd1 Bb5 12. Bxb5+ Qxb5 13. a3 Bf8 14. Nbd2 Ne7
15. b4 Nc4 16. Nxc4 dxc4 17. a4 Qd5 18. b5 Nf5 19. g4 Nxe3 20. fxe3 Qe4 21. Qe2
Qxg4+ 22. Kh1 Qe4 23. Kg1 h6 24. Rf2 Bb4 25. Rc1 c3 26. Ne1 Ba3 27. Rd1 Be7 28.
Rf4 Qg6+ 29. Rg4 Qh5 30. Rc1 g5 31. Nd3 Ba3 32. Rc2 Rc7 33. Nf2 Qg6 34. Rg3 O-O
35. e4 Rfc8 36. Nd3 f5 37. Nf4 Qf7 38. d5 exd5 39. Nxd5 f4 40. Rh3 Qe6 41. Nxc7
Qxh3 42. Qc4+ Kh8 43. Rxc3 f3 44. Rc2 b6 0-1

[Event "British Columbia-ch"]
[Site "New Westminster CAN"]
[Date "2019.10.14"]
[Round "7.1"]
[White "Morozov, Grigory"]
[Black "Zhu, Brandon"]
[Result "1-0"]
[WhiteElo "2400"]
[BlackElo "2208"]
[PlyCount "79"]
[EventDate "2019.10.11"]
[EventType "tourn"]
[EventRounds "7"]
[EventCountry "CAN"]

1. d4 Nf6 2. c4 e6 3. Nf3 d5 4. Nc3 c5 5. cxd5 Nxd5 6. e4 Nxc3 7. bxc3 cxd4 8.
cxd4 Bb4+ 9. Bd2 Bxd2+ 10. Qxd2 O-O 11. Bd3 h6 12. O-O Nd7 13. Rfc1 b6 14. Rc2
Bb7 15. Rac1 Rc8 16. Rxc8 Bxc8 17. Qf4 a5 18. Qd6 Nf6 19. Qc7 Bd7 20. Ne5 Qxc7
21. Rxc7 Rc8 22. Rxc8+ Bxc8 23. f3 Nd7 24. Nc4 Bb7 25. Kf2 Kf8 26. Ke3 Ke7 27.
g3 Ba6 28. e5 Bxc4 29. Bxc4 f6 30. f4 g5 31. Kf3 f5 32. fxg5 hxg5 33. h4 gxh4
34. gxh4 Nf8 35. Kf4 Nh7 36. a4 Kf7 37. d5 exd5 38. Bxd5+ Kg6 39. Be6 Kh5 40.
Bxf5 1-0

[Event "British Columbia-ch"]
[Site "New Westminster CAN"]
[Date "2019.10.14"]
[Round "7.2"]
[White "Patterson, Roger"]
[Black "McLaren, Brian"]
[Result "1/2-1/2"]
[WhiteElo "2075"]
[BlackElo "2146"]
[PlyCount "26"]
[EventDate "2019.10.11"]
[EventType "tourn"]
[EventRounds "7"]
[EventCountry "CAN"]

1. c4 c5 2. Nc3 Nf6 3. g3 g6 4. Bg2 Bg7 5. Nf3 O-O 6. O-O Nc6 7. d4 cxd4 8.
Nxd4 Nxd4 9. Qxd4 d6 10. e4 a6 11. Bd2 Bd7 12. Rac1 Bc6 13. Qe3 Rc8 1/2-1/2

[Event "British Columbia-ch"]
[Site "New Westminster CAN"]
[Date "2019.10.14"]
[Round "7.4"]
[White "Mohammed Qanee, Arpak Worya"]
[Black "Doknjas, Neil"]
[Result "1/2-1/2"]
[WhiteElo "2187"]
[BlackElo "2145"]
[PlyCount "107"]
[EventDate "2019.10.11"]
[EventType "tourn"]
[EventRounds "7"]
[EventCountry "CAN"]

1. e4 c5 2. Nf3 d6 3. d4 cxd4 4. Nxd4 Nf6 5. Nc3 a6 6. h3 e5 7. Nde2 h5 8. Bg5
Be7 9. g3 b5 10. Bg2 Bb7 11. a4 b4 12. Bxf6 Bxf6 13. Nd5 a5 14. O-O Nd7 15. c3
bxc3 16. Nexc3 Ba6 17. Re1 Rb8 18. Qc2 Nc5 19. Bf1 Bxf1 20. Kxf1 Nb3 21. Nb5
Nxa1 22. Qc6+ Kf8 23. Rxa1 Kg8 24. b4 Qc8 25. Qxc8+ Rxc8 26. Nxd6 Rc6 27. Nf5
Rc4 28. Nd6 Rc6 29. Nf5 Rc4 30. bxa5 Kh7 31. a6 Rc6 32. Nfe3 Rxa6 33. a5 Rha8
34. Nc4 Bd8 35. Nxe5 f6 36. Nc4 Bxa5 37. Rb1 Rc8 38. Nce3 Ra7 39. Ke2 Rc6 40.
Rb5 Re6 41. f3 Bc7 42. Nxc7 Rxc7 43. Rxh5+ Kg6 44. Rb5 Ra6 45. Rb3 Ra2+ 46. Kd3
Rf2 47. f4 Rf3 48. f5+ Kh7 49. g4 Rxh3 50. e5 fxe5 51. Ke4 Rc4+ 52. Nxc4 Rxb3
53. Nxe5 Rb4+ 54. Kf3 1/2-1/2

[Event "British Columbia-ch Seniors"]
[Site "Surrey CAN"]
[Date "2019.06.29"]
[Round "1.1"]
[White "Leblanc, Paul"]
[Black "McLaren, Brian"]
[Result "0-1"]
[WhiteElo "1648"]
[BlackElo "2201"]
[PlyCount "72"]
[EventDate "2019.06.29"]
[EventType "swiss"]
[EventRounds "6"]
[EventCountry "CAN"]

1. d4 f5 2. Nc3 d5 3. Nf3 Nf6 4. Bg5 e6 5. e3 Be7 6. Ne5 O-O 7. Bd3 c5 8. dxc5
Bxc5 9. O-O Nc6 10. Nxc6 bxc6 11. Na4 Bd6 12. c4 Qe8 13. Rc1 Bxh2+ 14. Kxh2
Ng4+ 15. Kg3 Qh5 16. f4 Qh2+ 17. Kf3 e5 18. fxe5 Nxe5+ 19. Kf2 Ng4+ 20. Kf3 Qh5
21. Bf4 g5 22. Rh1 Qg6 23. Bg3 Re8 24. Bf2 Qe6 25. Qd2 Qe5 26. g3 Be6 27. Qc3
dxc4 28. Bxc4 Qe4+ 29. Ke2 Qg2 30. Rcf1 Nxe3 31. Bxe6+ Rxe6 32. Qxe3 Rxe3+ 33.
Kxe3 Qe4+ 34. Kd2 Qxa4 35. Rh5 Rd8+ 36. Ke3 Qe4# 0-1

[Event "British Columbia-ch Seniors"]
[Site "Surrey CAN"]
[Date "2019.06.29"]
[Round "1.2"]
[White "Mohammed Qanee, Arpak Worya"]
[Black "Harris, Philip"]
[Result "1-0"]
[WhiteElo "2170"]
[BlackElo "1633"]
[PlyCount "63"]
[EventDate "2019.06.29"]
[EventType "swiss"]
[EventRounds "6"]
[EventCountry "CAN"]

1. e4 c6 2. d4 d5 3. exd5 cxd5 4. Bd3 g6 5. c3 Bg7 6. Bf4 Nc6 7. Nd2 Nh6 8.
Ngf3 O-O 9. O-O f6 10. Re1 Nf7 11. Bb5 Re8 12. Qa4 Bd7 13. Qb3 a6 14. Bxc6 Bxc6
15. Re6 Qd7 16. Rae1 Nd6 17. Bxd6 exd6 18. Rxe8+ Rxe8 19. Nf1 Rxe1 20. Nxe1 Qe6
21. Qd1 Bh6 22. Nc2 f5 23. f3 Bb5 24. Kf2 Kf7 25. b3 Qc8 26. Qe1 Bd3 27. Nb4
Bxf1 28. Kxf1 Qe6 29. Qd1 b5 30. Qd3 a5 31. Nc6 a4 32. Nd8+ 1-0

[Event "British Columbia-ch Seniors"]
[Site "Surrey CAN"]
[Date "2019.06.29"]
[Round "1.3"]
[White "Cronin, Kent"]
[Black "Patterson, Roger"]
[Result "0-1"]
[WhiteElo "1628"]
[BlackElo "2069"]
[PlyCount "42"]
[EventDate "2019.06.29"]
[EventType "swiss"]
[EventRounds "6"]
[EventCountry "CAN"]

1. e4 c5 2. c3 Nf6 3. e5 Nd5 4. d4 cxd4 5. cxd4 e6 6. a3 d6 7. Nf3 Nc6 8. Bg5
Qc7 9. Bc4 dxe5 10. Bxd5 exd5 11. dxe5 Bg4 12. O-O Be7 13. Bf4 Rd8 14. Nbd2 O-O
15. h3 Bh5 16. Qa4 Qd7 17. Qb3 Rfe8 18. Rfe1 h6 19. Rad1 Bc5 20. Ne4 Bxf3 21.
Qxf3 dxe4 0-1

[Event "British Columbia-ch Seniors"]
[Site "Surrey CAN"]
[Date "2019.06.29"]
[Round "1.4"]
[White "Oszvald, Joe"]
[Black "Lapenna, Richard J."]
[Result "1-0"]
[WhiteElo "2014"]
[BlackElo "1624"]
[PlyCount "61"]
[EventDate "2019.06.29"]
[EventType "swiss"]
[EventRounds "6"]
[EventCountry "CAN"]

1. c4 e5 2. Nc3 Nf6 3. g3 c6 4. Bg2 d5 5. b3 Bb4 6. Bb2 O-O 7. e3 Re8 8. Nge2
Na6 9. O-O Bg4 10. f3 Bh5 11. a3 Bd6 12. d4 Qe7 13. c5 Bb8 14. Kh1 b6 15. b4
Bc7 16. Qa4 Nb8 17. Rac1 Qe6 18. b5 a6 19. dxe5 Bxe5 20. Nd4 Bxd4 21. exd4 Nbd7
22. bxc6 b5 23. Qb3 Qxc6 24. f4 Re3 25. Bxd5 Nxd5 26. Qxd5 Qxd5+ 27. Nxd5 Bf3+
28. Rxf3 Rxf3 29. c6 Rb3 30. cxd7 Rxb2 31. Rc8+ 1-0

[Event "British Columbia-ch Seniors"]
[Site "Surrey CAN"]
[Date "2019.06.29"]
[Round "2.1"]
[White "McLaren, Brian"]
[Black "Escandor, Manuel Omana"]
[Result "1-0"]
[WhiteElo "2201"]
[BlackElo "1805"]
[PlyCount "185"]
[EventDate "2019.06.29"]
[EventType "swiss"]
[EventRounds "6"]
[EventCountry "CAN"]

1. e4 e6 2. d4 d5 3. e5 c5 4. c3 Nc6 5. Be3 b6 6. Nf3 Be7 7. Bb5 Bd7 8. Bd3
cxd4 9. cxd4 Nb4 10. Be2 Rc8 11. Nc3 Nc6 12. O-O f6 13. Ba6 Ra8 14. exf6 Nxf6
15. Bf4 Nh5 16. Be5 Nxe5 17. Nxe5 Nf6 18. Nxd7 Nxd7 19. Qg4 Kf7 20. Rae1 Nf8
21. Re3 Bf6 22. Ne2 h5 23. Qf3 g5 24. Rc1 Qd6 25. Rec3 Rd8 26. a3 Rd7 27. Rc6
Qe7 28. Bc8 Rd8 29. Qb3 Nd7 30. Rc7 Kg6 31. Qa4 Rh7 32. Qxa7 e5 33. Bxd7 Rxd7
34. Rxd7 Qxd7 35. Qxb6 e4 36. Rc6 Rf7 37. Qc5 Qf5 38. Qc2 Kg7 39. Ng3 Qh7 40.
Qd1 g4 41. Qd2 h4 42. Ne2 Qf5 43. Qf4 Qxf4 44. Nxf4 Kh7 45. Ne2 Bg7 46. b4 Ra7
47. Rc3 Bh6 48. Kf1 Bd2 49. Rb3 Rf7 50. Ng1 Rc7 51. Rb1 Ra7 52. b5 Rxa3 53. b6
Bf4 54. g3 hxg3 55. hxg3 Bb8 56. Ne2 e3 57. b7 Kg7 58. Nf4 exf2 59. Kxf2 Ra2+
60. Ke1 Kf7 61. Rb5 Rh2 62. Rxd5 Bxf4 63. Rf5+ Ke6 64. Rxf4 Rb2 65. Rxg4 Rxb7
66. Kd2 Kf5 67. Rf4+ Kg5 68. Rf3 Kg4 69. Rd3 Ra7 70. Re3 Kf5 71. Ke2 Ra3 72.
Kf3 Ra4 73. g4+ Kf6 74. Ke4 Ra5 75. Rf3+ Ke7 76. Rf5 Ra1 77. Rh5 Ra4 78. Ke5
Ra1 79. Rh7+ Kf8 80. d5 Rg1 81. Kf6 Rf1+ 82. Ke6 Rg1 83. Rh8+ Kg7 84. Rh4 Re1+
85. Kd7 Rd1 86. d6 Rc1 87. Rh5 Rg1 88. Rf5 Rxg4 89. Ke8 Re4+ 90. Kd8 Re1 91. d7
Rc1 92. Ke7 Rd1 93. d8=Q 1-0

[Event "British Columbia-ch Seniors"]
[Site "Surrey CAN"]
[Date "2019.06.29"]
[Round "2.2"]
[White "Landingin, Jofrel"]
[Black "Mohammed Qanee, Arpak Worya"]
[Result "1/2-1/2"]
[WhiteElo "1776"]
[BlackElo "2170"]
[PlyCount "143"]
[EventDate "2019.06.29"]
[EventType "swiss"]
[EventRounds "6"]
[EventCountry "CAN"]

1. e4 e6 2. d4 d5 3. e5 c5 4. c3 Nc6 5. Nf3 Bd7 6. Be2 Qb6 7. Qb3 Qxb3 8. axb3
cxd4 9. cxd4 a6 10. O-O Rc8 11. Bd2 Nge7 12. g4 h5 13. h3 hxg4 14. hxg4 Ng6 15.
Be3 f6 16. Bd3 Kf7 17. Bxg6+ Kxg6 18. Kg2 Nb4 19. Na3 Be7 20. Rfd1 Rc7 21. Ne1
Rhc8 22. f4 a5 23. Rac1 a4 24. Rxc7 Rxc7 25. bxa4 Bxa4 26. Rc1 Rxc1 27. Bxc1
fxe5 28. fxe5 Bg5 29. Bxg5 Kxg5 30. Kg3 Bd1 31. Nf3+ Bxf3 32. Kxf3 Nd3 33. Nb5
Kg6 34. b3 Nc1 35. b4 Nd3 36. Nc7 Kf7 37. b5 Nb4 38. Ke2 Ke7 39. Kd2 Kd7 40. b6
Na6 41. Nb5 Kc6 42. Nd6 Kxb6 43. Ne8 g6 44. Nd6 Kc6 45. Nf7 b5 46. Nh8 Nc7 47.
Nf7 b4 48. Nh8 Nb5 49. Kd3 b3 50. Nxg6 Nxd4 51. Kc3 Kd7 52. Nf4 Nf3 53. Nd3 Ke7
54. Kxb3 Nh2 55. Nf2 Kf7 56. Kb4 Nf3 57. Nd3 Nh2 58. Nf2 Kg6 59. Kc5 Nf3 60.
Kd6 Nd4 61. Kc5 Ne2 62. Kd6 Nf4 63. Kc5 Kg5 64. Kd4 Ng6 65. Nd3 Kxg4 66. Nb4
Nf4 67. Nc6 Ne2+ 68. Ke3 Ng3 69. Nd8 Kf5 70. Nc6 Nf1+ 71. Kd4 Nh2 72. Ne7+
1/2-1/2

[Event "British Columbia-ch Seniors"]
[Site "Surrey CAN"]
[Date "2019.06.29"]
[Round "2.3"]
[White "Patterson, Roger"]
[Black "Lee, Mau Seng"]
[Result "1-0"]
[WhiteElo "2069"]
[BlackElo "1752"]
[PlyCount "101"]
[EventDate "2019.06.29"]
[EventType "swiss"]
[EventRounds "6"]
[EventCountry "CAN"]

1. c4 f5 2. Nc3 e5 3. g3 Nf6 4. Bg2 Nc6 5. e3 d5 6. Nxd5 Nxd5 7. cxd5 Nb4 8.
Qa4+ Bd7 9. Qb3 e4 10. a3 Nd3+ 11. Kf1 a6 12. Ne2 b5 13. Nf4 Nxf4 14. exf4 Bd6
15. d3 exd3 16. Qxd3 O-O 17. Be3 b4 18. a4 a5 19. Bf3 Bc8 20. Kg2 Ba6 21. Qd2
Qd7 22. b3 Rae8 23. h4 Re7 24. Rac1 Bb7 25. Qd4 Qd8 26. Rhd1 Qb8 27. h5 h6 28.
Qd3 Rff7 29. Kg1 Qa8 30. Bc5 Ba6 31. Qd2 Qe8 32. Be3 Qb8 33. Re1 Qd8 34. Qc2
Qa8 35. Bc5 Bb7 36. Rxe7 Rxe7 37. Bxd6 cxd6 38. Qxf5 Qe8 39. Kg2 Re1 40. Rxe1
Qxe1 41. Qe6+ Qxe6 42. dxe6 Bc8 43. Bd5 Kf8 44. f5 Ke7 45. f4 Ba6 46. Kf3 Bd3
47. Be4 Ba6 48. g4 Bc8 49. g5 Ba6 50. f6+ gxf6 51. gxh6 1-0